000 00237nam a2200097Ia 4500
008 190216s9999||||xx |||||||||||||| ||und||
100 _aNull
245 0 _aHindi-Niroj Shah Mehtha
260 _bKerala Sasthra Sahithya Parishad
942 _cBK
999 _c18037
_d18037